[Event "Verbandsliga MVP 2013-14"]
[Site "MVP"]
[Date "2014.02.23"]
[Round "6.6"]
[White "Bauer, Norbert"]
[Black "Kunze, Kerstin"]
[Result "1/2-1/2"]
[WhiteElo "1924"]
[BlackElo "2045"]
[PlyCount "27"]
[EventDate "2013.??.??"]
[EventType "team-tourn"]
[EventRounds "9"]
[EventCountry "GER"]
[SourceDate "2013.10.20"]
[WhiteTeam "SAV Torgelow-Drögeheide 90"]
[BlackTeam "SF Schwerin II"]
[WhiteTeamCountry "GER"]
[BlackTeamCountry "GER"]

1. d4 Nf6 2. c4 e6 3. Nf3 b6 4. a3 Bb7 5. Nc3 d5 6. cxd5 Nxd5 7. e3 Nd7 8. Bd3
c5 9. O-O cxd4 10. Nxd5 Bxd5 11. e4 Bb7 12. Nxd4 a6 13. Qe2 Nc5 14. Rd1 1/2-1/2

[Event "Verbandsliga MVP 2013-14"]
[Site "MVP"]
[Date "2014.02.23"]
[Round "6.7"]
[White "Hasselmann, Dieter"]
[Black "Ehlers, Michael"]
[Result "1-0"]
[WhiteElo "2030"]
[BlackElo "1882"]
[PlyCount "83"]
[EventDate "2013.??.??"]
[EventType "team-tourn"]
[EventRounds "9"]
[EventCountry "GER"]
[SourceDate "2013.10.20"]
[WhiteTeam "SF Schwerin II"]
[BlackTeam "SAV Torgelow-Drögeheide 90"]
[WhiteTeamCountry "GER"]
[BlackTeamCountry "GER"]

1. e4 c5 2. c3 g6 3. d4 cxd4 4. cxd4 d5 5. exd5 Nf6 6. Nc3 Bg7 7. Bc4 O-O 8.
Nf3 Nbd7 9. O-O Nb6 10. Qb3 Bf5 11. Re1 Rc8 12. Ne5 Nxc4 13. Nxc4 Nxd5 14. Ne3
Nxe3 15. Bxe3 Qd7 16. Rad1 Rfd8 17. Bg5 Bf8 18. d5 Re8 19. Rd2 h6 20. Bh4 b6
21. Red1 Bg7 22. h3 g5 23. Bg3 h5 24. d6 e6 25. Nb5 Rc5 26. a4 h4 27. Bh2 g4
28. Bf4 Bf6 29. Qe3 gxh3 30. gxh3 Kh7 31. Kh2 Rg8 32. Qf3 Bg6 33. Rg1 Rf5 34.
Nd4 Bxd4 35. Rxd4 e5 36. Bxe5 f6 37. Rxh4+ Kg7 38. Bf4 Kf8 39. Rhg4 Kf7 40. Qg3
Qxa4 41. Rxg6 Qxf4 42. Qxf4 1-0

[Event "Verbandsliga MVP 2013-14"]
[Site "MVP"]
[Date "2014.02.23"]
[Round "6.8"]
[White "Massloch, Philipp"]
[Black "Dittrich, Carsten"]
[Result "0-1"]
[WhiteElo "1648"]
[BlackElo "1841"]
[PlyCount "82"]
[EventDate "2013.??.??"]
[EventType "team-tourn"]
[EventRounds "9"]
[EventCountry "GER"]
[SourceDate "2013.10.20"]
[WhiteTeam "SAV Torgelow-Drögeheide 90"]
[BlackTeam "SF Schwerin II"]
[WhiteTeamCountry "GER"]
[BlackTeamCountry "GER"]

1. e4 e5 2. Nf3 Nc6 3. Bc4 Be7 4. c3 Nf6 5. d3 d6 6. Bb3 O-O 7. Nbd2 h6 8. Nf1
d5 9. Ng3 dxe4 10. dxe4 Qxd1+ 11. Bxd1 Re8 12. O-O Be6 13. Ba4 Nd7 14. Bxc6
bxc6 15. b3 f6 16. Nh4 a5 17. Be3 Bc5 18. Rfe1 Bxe3 19. Rxe3 a4 20. Rb1 axb3
21. axb3 Reb8 22. b4 c5 23. Ree1 Rb5 24. Nhf5 g6 25. Ne7+ Kf7 26. Nd5 Bxd5 27.
exd5 cxb4 28. c4 Rb7 29. Ne4 Ra5 30. Rec1 Nc5 31. Nd2 Ke7 32. Kf1 f5 33. Nb3
Nxb3 34. Rxb3 Kd6 35. Ke2 Kc5 36. Kd3 Ra2 37. Rf1 Rba7 38. Rfb1 R7a3 39. Rxa3
Rxa3+ 40. Ke2 Kxc4 41. Rc1+ Rc3 0-1

[Event "Verbandsliga MVP 2013-14"]
[Site "MVP"]
[Date "2014.02.23"]
[Round "6.1"]
[White "Mehl, Ronald"]
[Black "Schinke, Andreas"]
[Result "1/2-1/2"]
[WhiteElo "2081"]
[BlackElo "2061"]
[PlyCount "116"]
[EventDate "2013.??.??"]
[EventType "team-tourn"]
[EventRounds "9"]
[EventCountry "GER"]
[SourceDate "2013.10.20"]
[WhiteTeam "FHSG Stralsund"]
[BlackTeam "SV Blau-Weiß Grevesmühlen"]
[WhiteTeamCountry "GER"]
[BlackTeamCountry "GER"]

1. c4 e5 2. Nc3 Nc6 3. Nf3 f5 4. d3 Nf6 5. g3 Bc5 6. e3 d6 7. Bg2 O-O 8. O-O a6
9. a3 Qe8 10. Nd5 Nxd5 11. cxd5 Ne7 12. d4 exd4 13. exd4 Bb6 14. Re1 Qf7 15.
Ng5 Qf6 16. h4 h6 17. Qc2 Ng6 18. Ne6 Re8 19. h5 Nf8 20. Bf4 Nxe6 21. dxe6 Bxe6
22. Bxb7 Rab8 23. Bc6 Re7 24. d5 Bf7 25. Rxe7 Qxe7 26. Qxf5 Qe2 27. Rf1 Rf8 28.
Ba4 Qxh5 29. Qxh5 Bxh5 30. Be3 Bxe3 31. fxe3 Rxf1+ 32. Kxf1 Bf3 33. Bc6 a5 34.
Ke1 Kf7 35. b4 axb4 36. a4 b3 37. Kd2 Be2 38. Bb7 Kf6 39. a5 b2 40. Kc2 Ke5 41.
Kxb2 Ke4 42. Kc3 Kxe3 43. a6 Bxa6 44. Bxa6 Kf3 45. Kc4 Kxg3 46. Kb5 h5 47. Kc6
h4 48. Bc8 g5 49. Kxc7 g4 50. Kxd6 h3 51. Ke7 h2 52. d6 h1=Q 53. d7 Qe4+ 54.
Kf7 Qd5+ 55. Ke7 Qe5+ 56. Kf7 Qd6 57. Ke8 Qc6 58. Ke7 Qc7 1/2-1/2

[Event "Verbandsliga MVP 2013-14"]
[Site "MVP"]
[Date "2014.02.23"]
[Round "6.2"]
[White "Boehme, Andy"]
[Black "Hubert, Peter"]
[Result "0-1"]
[WhiteElo "1995"]
[BlackElo "1992"]
[PlyCount "120"]
[EventDate "2013.??.??"]
[EventType "team-tourn"]
[EventRounds "9"]
[EventCountry "GER"]
[SourceDate "2013.10.20"]
[WhiteTeam "SV Blau-Weiß Grevesmühlen"]
[BlackTeam "FHSG Stralsund"]
[WhiteTeamCountry "GER"]
[BlackTeamCountry "GER"]

1. Nf3 Nf6 2. b3 c5 3. Bb2 e6 4. g3 d5 5. Bg2 Nc6 6. O-O Bd6 7. d3 O-O 8. Nbd2
e5 9. e4 d4 10. Nc4 Bc7 11. a4 Rb8 12. Ba3 b6 13. Nh4 Re8 14. h3 a6 15. Nd2 Bd6
16. Nf5 Bf8 17. g4 g6 18. Ng3 Bh6 19. Nf3 Bf4 20. Bc1 h6 21. Ne2 Bxc1 22. Qxc1
Kg7 23. Ng3 Nh7 24. Qd2 Qf6 25. Nh2 Qf4 26. Qd1 Qg5 27. Nf3 Qe7 28. Nd2 Qc7 29.
Ne2 g5 30. Ng3 Nf8 31. Nf5+ Kh7 32. h4 Ng6 33. hxg5 hxg5 34. Re1 Nf4 35. f3 Rh8
36. Kf2 Kg6 37. Rh1 Be6 38. Nf1 Rxh1 39. Bxh1 Rh8 40. Bg2 Qd8 41. Qd2 Bxf5 42.
gxf5+ Kg7 43. Kg1 Nb4 44. Nh2 f6 45. Ng4 Rh4 46. Kf2 Qh8 47. Rg1 Nxg2 48. Rxg2
Rh1 49. Ke2 Na2 50. f4 Nc3+ 51. Kf3 Qh3+ 52. Rg3 Rf1+ 53. Qf2 Qh1+ 54. Rg2 exf4
55. Nh2 Rxf2+ 56. Kxf2 Qd1 57. Ng4 f3 58. Rg1 Qxc2+ 59. Kxf3 Qxd3+ 60. Kg2 Nxe4
0-1

[Event "Verbandsliga MVP 2013-14"]
[Site "MVP"]
[Date "2014.02.23"]
[Round "6.3"]
[White "Kohn, Andreas"]
[Black "Kross, Gunnar"]
[Result "1/2-1/2"]
[WhiteElo "1923"]
[BlackElo "1972"]
[PlyCount "39"]
[EventDate "2013.??.??"]
[EventType "team-tourn"]
[EventRounds "9"]
[EventCountry "GER"]
[SourceDate "2013.10.20"]
[WhiteTeam "FHSG Stralsund"]
[BlackTeam "SV Blau-Weiß Grevesmühlen"]
[WhiteTeamCountry "GER"]
[BlackTeamCountry "GER"]

1. e4 c6 2. d4 d5 3. Nc3 dxe4 4. Nxe4 Nd7 5. Bc4 Ngf6 6. Ng5 e6 7. Qe2 Nb6 8.
Bb3 h6 9. N5f3 Be7 10. Bf4 a5 11. c3 a4 12. Bc2 Nbd5 13. Bd2 Qc7 14. Ne5 Nd7
15. Ngf3 b6 16. O-O Ba6 17. c4 a3 18. bxa3 N5f6 19. Rfe1 Nxe5 20. dxe5 1/2-1/2

[Event "Verbandsliga MVP 2013-14"]
[Site "MVP"]
[Date "2014.02.23"]
[Round "6.4"]
[White "Naujok, Joerg"]
[Black "Kohn, Thomas"]
[Result "1/2-1/2"]
[WhiteElo "1931"]
[BlackElo "1875"]
[PlyCount "66"]
[EventDate "2013.??.??"]
[EventType "team-tourn"]
[EventRounds "9"]
[EventCountry "GER"]
[SourceDate "2013.10.20"]
[WhiteTeam "SV Blau-Weiß Grevesmühlen"]
[BlackTeam "FHSG Stralsund"]
[WhiteTeamCountry "GER"]
[BlackTeamCountry "GER"]

1. Nf3 d5 2. g3 Nf6 3. Bg2 Nc6 4. d3 e5 5. O-O Be7 6. Nbd2 O-O 7. e4 d4 8. Nh4
Be6 9. Nf5 Qd7 10. Nxe7+ Qxe7 11. f4 exf4 12. gxf4 Ng4 13. Nf3 f5 14. e5 Qc5
15. h3 Ne3 16. Bxe3 dxe3 17. d4 Qb5 18. Re1 Rad8 19. c3 Qxb2 20. Qc1 Qxc1 21.
Raxc1 Bxa2 22. Rxe3 h6 23. c4 Nxd4 24. Nxd4 Rxd4 25. Bd5+ Kh8 26. Ra3 c6 27.
Rxa2 cxd5 28. cxd5 Rxd5 29. Rxa7 Rf7 30. Rb1 Rd4 31. e6 Re7 32. Rbxb7 Rxb7 33.
Rxb7 Re4 1/2-1/2

[Event "Verbandsliga MVP 2013-14"]
[Site "MVP"]
[Date "2014.02.23"]
[Round "6.5"]
[White "Manke, Karsten"]
[Black "Daug, Joern Henning"]
[Result "1-0"]
[WhiteElo "1751"]
[BlackElo "1872"]
[PlyCount "63"]
[EventDate "2013.??.??"]
[EventType "team-tourn"]
[EventRounds "9"]
[EventCountry "GER"]
[SourceDate "2013.10.20"]
[WhiteTeam "FHSG Stralsund"]
[BlackTeam "SV Blau-Weiß Grevesmühlen"]
[WhiteTeamCountry "GER"]
[BlackTeamCountry "GER"]

1. e4 c5 2. Nf3 Nc6 3. d4 cxd4 4. Nxd4 Qb6 5. Nb3 Nf6 6. Nc3 e6 7. Be3 Qc7 8.
a3 a6 9. Be2 b5 10. O-O Be7 11. f4 d6 12. Bf3 Rb8 13. Qe2 O-O 14. Kh1 b4 15.
axb4 Nxb4 16. Rfd1 Bb7 17. Bg1 e5 18. fxe5 dxe5 19. Na5 Bc8 20. Be3 h6 21. Qf2
Nc6 22. Nxc6 Qxc6 23. Nd5 Nxd5 24. exd5 Qd6 25. c4 Bg5 26. Bc5 Qf6 27. Bxf8 e4
28. Ba3 exf3 29. Qxf3 Qg6 30. Qg3 Rb6 31. c5 Rf6 32. c6 1-0

[Event "Verbandsliga MVP 2013-14"]
[Site "MVP"]
[Date "2014.02.23"]
[Round "6.6"]
[White "Stiegler, Maik"]
[Black "Giese, Lothar"]
[Result "0-1"]
[WhiteElo "1897"]
[BlackElo "1782"]
[PlyCount "76"]
[EventDate "2013.??.??"]
[EventType "team-tourn"]
[EventRounds "9"]
[EventCountry "GER"]
[SourceDate "2013.10.20"]
[WhiteTeam "SV Blau-Weiß Grevesmühlen"]
[BlackTeam "FHSG Stralsund"]
[WhiteTeamCountry "GER"]
[BlackTeamCountry "GER"]

1. d4 d5 2. c4 e6 3. Nc3 Bb4 4. Nf3 Nf6 5. Qc2 O-O 6. Bg5 h6 7. Bh4 Nbd7 8. e3
c6 9. Bd3 Re8 10. O-O Bxc3 11. bxc3 e5 12. Bf5 e4 13. Bxd7 Bxd7 14. Ne5 g5 15.
Bg3 Ng4 16. c5 Nxe5 17. Bxe5 g4 18. Rab1 b6 19. cxb6 axb6 20. c4 Be6 21. cxd5
Bxd5 22. Rb2 b5 23. Ra1 Ra4 24. Qe2 h5 25. h3 f5 26. hxg4 hxg4 27. f3 Rxe5 28.
dxe5 g3 29. Qd1 Qh4 30. Rc2 Qh2+ 31. Kf1 Qh1+ 32. Ke2 Qxg2+ 33. Ke1 Qg1+ 34.
Kd2 Qf2+ 35. Qe2 Qxe2+ 36. Kxe2 exf3+ 37. Kf1 Rh4 38. Rf2 Rh1# 0-1

[Event "Verbandsliga MVP 2013-14"]
[Site "MVP"]
[Date "2014.02.23"]
[Round "6.7"]
[White "Glawe, Hartmut"]
[Black "Wecke, Thoralf"]
[Result "1/2-1/2"]
[WhiteElo "1825"]
[BlackElo "1948"]
[PlyCount "123"]
[EventDate "2013.??.??"]
[EventType "team-tourn"]
[EventRounds "9"]
[EventCountry "GER"]
[SourceDate "2013.10.20"]
[WhiteTeam "FHSG Stralsund"]
[BlackTeam "SV Blau-Weiß Grevesmühlen"]
[WhiteTeamCountry "GER"]
[BlackTeamCountry "GER"]

1. d4 d6 2. Nf3 Bg4 3. c4 Nd7 4. Nc3 e5 5. d5 Be7 6. e3 f5 7. Be2 Bxf3 8. Bxf3
e4 9. Be2 Bf6 10. g4 Bxc3+ 11. bxc3 Qf6 12. gxf5 Nc5 13. Qd4 Nh6 14. Ba3 Nd7
15. Qxe4+ Kf8 16. Qd4 Nxf5 17. Qxf6+ Nxf6 18. Bd3 Nh4 19. c5 Ke7 20. c4 b6 21.
cxd6+ cxd6 22. Ke2 Rhf8 23. Bb2 g6 24. Rhg1 Nd7 25. Rg4 Nf3 26. Re4+ Kd8 27.
Re6 Kc7 28. Ba3 Nc5 29. Bxc5 dxc5 30. Re7+ Kd6 31. Rxh7 Rae8 32. Rh6 Nd4+ 33.
Kf1 Rxe3 34. Bxg6 Rf6 35. Be4 Rxh6 36. fxe3 Rh4 37. exd4 Rxe4 38. dxc5+ Kxc5
39. Rc1 Rd4 40. Rc2 b5 41. cxb5+ Kxb5 42. a4+ Kxa4 43. Ra2+ Kb5 44. Rxa7 Kc5
45. Kf2 Kxd5 46. Re7 Re4 47. Rf7 Ke6 48. Rf8 Ke7 49. Rf3 Re6 50. Ra3 Rf6+ 51.
Kg3 Rg6+ 52. Kf4 Kf7 53. Ra7+ Kg8 54. h4 Rb6 55. Ra5 Kh7 56. Kg5 Rg6+ 57. Kf5
Rg1 58. Ra7+ Kh6 59. h5 Rf1+ 60. Kg4 Rg1+ 61. Kh4 Rh1+ 62. Kg4 1/2-1/2

[Event "Verbandsliga MVP 2013-14"]
[Site "MVP"]
[Date "2014.02.23"]
[Round "6.8"]
[White "Gareis, Roberto"]
[Black "Rickmann, Niklas"]
[Result "1/2-1/2"]
[WhiteElo "1869"]
[BlackElo "1774"]
[PlyCount "51"]
[EventDate "2013.??.??"]
[EventType "team-tourn"]
[EventRounds "9"]
[EventCountry "GER"]
[SourceDate "2013.10.20"]
[WhiteTeam "SV Blau-Weiß Grevesmühlen"]
[BlackTeam "FHSG Stralsund"]
[WhiteTeamCountry "GER"]
[BlackTeamCountry "GER"]

1. d4 g6 2. e4 Bg7 3. f4 d6 4. Nf3 Bg4 5. c3 Nd7 6. Nbd2 e5 7. h3 Bxf3 8. Nxf3
Ne7 9. g4 f5 10. Ng5 Nf8 11. Qb3 d5 12. exd5 Qxd5 13. Qxd5 Nxd5 14. dxe5 h6 15.
Bc4 Nb6 16. Ne6 Nxc4 17. Nxc7+ Kd7 18. Nxa8 Ne6 19. gxf5 gxf5 20. b3 Na5 21.
Be3 Rxa8 22. Rd1+ Ke7 23. Rg1 b6 24. Rd6 Rg8 25. Rg6 Nf8 26. Rg2 1/2-1/2

[Event "Verbandsliga MVP 2013-14"]
[Site "MVP"]
[Date "2014.02.23"]
[Round "6.2"]
[White "Mildner, Jens"]
[Black "Engel, Gunnar"]
[Result "1/2-1/2"]
[WhiteElo "2029"]
[BlackElo "2040"]
[PlyCount "26"]
[EventDate "2013.??.??"]
[EventType "team-tourn"]
[EventRounds "9"]
[EventCountry "GER"]
[SourceDate "2013.10.20"]
[WhiteTeam "Greifswalder SV II"]
[BlackTeam "SSC Rostock 07 II"]
[WhiteTeamCountry "GER"]
[BlackTeamCountry "GER"]

1. d4 Nf6 2. c4 g6 3. Nc3 Bg7 4. e4 d6 5. f3 O-O 6. Be3 c5 7. d5 e6 8. Nge2
exd5 9. cxd5 a6 10. a4 Nbd7 11. Ng3 Re8 12. Be2 h5 13. O-O Ne5 1/2-1/2

[Event "Verbandsliga MVP 2013-14"]
[Site "MVP"]
[Date "2014.02.23"]
[Round "6.3"]
[White "Pererva, Viktor"]
[Black "Hagenlueke, Thomas"]
[Result "0-1"]
[WhiteElo "1960"]
[BlackElo "1897"]
[PlyCount "80"]
[EventDate "2013.??.??"]
[EventType "team-tourn"]
[EventRounds "9"]
[EventCountry "GER"]
[SourceDate "2013.10.20"]
[WhiteTeam "SSC Rostock 07 II"]
[BlackTeam "Greifswalder SV II"]
[WhiteTeamCountry "GER"]
[BlackTeamCountry "GER"]

1. e4 c5 2. Nf3 d6 3. d4 cxd4 4. Nxd4 Nf6 5. Nc3 a6 6. Bg5 e6 7. f4 Be7 8. Qf3
Nbd7 9. O-O-O Qc7 10. g4 h6 11. Bxf6 Bxf6 12. h4 Qb6 13. Nde2 Nc5 14. g5 Be7
15. g6 f6 16. f5 e5 17. Nd5 Qd8 18. Nec3 b5 19. Qe3 O-O 20. Rh2 Re8 21. Nxe7+
Qxe7 22. Rhd2 Qa7 23. Qe1 b4 24. Bc4+ Kh8 25. Nd5 Rf8 26. Nxb4 a5 27. Nc6 Qb7
28. Bd5 Qb6 29. Nxe5 Rb8 30. Nc4 Qb5 31. c3 a4 32. Qe3 a3 33. Nxa3 Qa5 34. Rg1
Ba6 35. Nb1 Qb6 36. Qd4 Nd3+ 37. Rxd3 Qxb2+ 38. Kd1 Qxb1+ 39. Ke2 Bxd3+ 40.
Qxd3 Rb2+ 0-1

[Event "Verbandsliga MVP 2013-14"]
[Site "MVP"]
[Date "2014.02.23"]
[Round "6.4"]
[White "Hertel, Johannes"]
[Black "Brack, Peter"]
[Result "0-1"]
[WhiteElo "1927"]
[BlackElo "1975"]
[PlyCount "82"]
[EventDate "2013.??.??"]
[EventType "team-tourn"]
[EventRounds "9"]
[EventCountry "GER"]
[SourceDate "2013.10.20"]
[WhiteTeam "Greifswalder SV II"]
[BlackTeam "SSC Rostock 07 II"]
[WhiteTeamCountry "GER"]
[BlackTeamCountry "GER"]

1. d4 d5 2. c4 c6 3. Nf3 Nf6 4. e3 Bg4 5. Qb3 Qb6 6. Nc3 e6 7. Nh4 Qxb3 8. axb3
Nbd7 9. h3 Bh5 10. g4 Bg6 11. Nxg6 hxg6 12. g5 Ng8 13. c5 a6 14. f4 Ne7 15. Bd2
Nf5 16. Kf2 Be7 17. b4 Rc8 18. Be2 Rh4 19. Rag1 Kd8 20. Na2 Kc7 21. Nc1 Rch8
22. Bg4 Ra8 23. Nb3 Rhh8 24. Na5 Rac8 25. Be2 Rcg8 26. Bd3 Nf8 27. Ra1 Nd7 28.
Nxb7 Kxb7 29. Bxa6+ Kc7 30. b5 Nb8 31. Ba5+ Kd7 32. bxc6+ Nxc6 33. Bb5 Ra8 34.
Bb6 Rhb8 35. b4 Bd8 36. Rhc1 Nfe7 37. Bxc6+ Kxc6 38. Bxd8 Rxd8 39. b5+ Kxb5 40.
Rcb1+ Kc6 41. Rb6+ Kc7 0-1

[Event "Verbandsliga MVP 2013-14"]
[Site "MVP"]
[Date "2014.02.23"]
[Round "6.5"]
[White "Mangold, Thomas"]
[Black "Schwahn, Christian"]
[Result "0-1"]
[WhiteElo "1896"]
[BlackElo "1947"]
[PlyCount "118"]
[EventDate "2013.??.??"]
[EventType "team-tourn"]
[EventRounds "9"]
[EventCountry "GER"]
[SourceDate "2013.10.20"]
[WhiteTeam "SSC Rostock 07 II"]
[BlackTeam "Greifswalder SV II"]
[WhiteTeamCountry "GER"]
[BlackTeamCountry "GER"]

1. e4 c5 2. Nc3 d6 3. g3 Nc6 4. Bg2 g6 5. d3 Bg7 6. f4 e6 7. Nf3 Nge7 8. O-O
O-O 9. Be3 b6 10. Bf2 Ba6 11. a4 Qd7 12. Qd2 d5 13. e5 Nb4 14. Rfe1 Bb7 15. d4
Na6 16. Bf1 cxd4 17. Nxd4 Nc5 18. a5 Ne4 19. Nxe4 dxe4 20. Bg2 Rfd8 21. Bxe4
Bxe4 22. Rxe4 Qb7 23. Ree1 bxa5 24. Qxa5 Bf8 25. b3 Nc6 26. Qb5 Qxb5 27. Nxb5
Rd2 28. Rec1 Rad8 29. Ra4 a5 30. Kf1 {biete Remis} Nb4 31. Bb6 Rb8 32. Be3 Rxc2
33. Nd6 Nd5 34. Rxc2 Nxe3+ 35. Ke2 Nxc2 36. Kd3 Nb4+ 37. Kc4 Nd5 38. Rxa5 Rb4+
39. Kc5 Rxb3 40. Ra8 Rc3+ 41. Kd4 Rc7 42. Ne8 Rd7 43. Ke4 f5+ 44. exf6 Kf7 45.
Ke5 Nxf6 46. Nxf6 Bg7 47. Ra4 Bxf6+ 48. Ke4 Rb7 49. g4 Be7 50. f5 Rb4+ 51. Rxb4
Bxb4 52. h3 g5 53. h4 h6 54. Ke5 Bc3+ 55. Ke4 Kf6 56. fxe6 Kxe6 57. Kf3 Ke5 58.
Ke3 Be1 59. h5 Bb4 0-1

[Event "Verbandsliga MVP 2013-14"]
[Site "MVP"]
[Date "2014.02.23"]
[Round "6.6"]
[White "Nauschuetz, Ernst"]
[Black "Celmer, Ole"]
[Result "0-1"]
[WhiteElo "1893"]
[BlackElo "1915"]
[PlyCount "57"]
[EventDate "2013.??.??"]
[EventType "team-tourn"]
[EventRounds "9"]
[EventCountry "GER"]
[SourceDate "2013.10.20"]
[WhiteTeam "Greifswalder SV II"]
[BlackTeam "SSC Rostock 07 II"]
[WhiteTeamCountry "GER"]
[BlackTeamCountry "GER"]

1. c4 e5 2. g3 Nf6 3. Bg2 c6 4. d4 exd4 5. Qxd4 d5 6. Nf3 Be7 7. O-O O-O 8. Nc3
dxc4 9. Qxc4 Be6 10. Qa4 Na6 11. Ng5 Nc5 12. Qc2 h6 13. Nxe6 Nxe6 14. a3 Re8
15. b4 a5 16. Rb1 axb4 17. axb4 Qc7 18. h3 Nd4 19. Qb2 Bd6 20. e3 Nb5 21. Nxb5
cxb5 22. Bd2 Ne4 23. Rfc1 Qe7 24. Be1 Rac8 25. Rxc8 Rxc8 26. Bf1 Ng5 27. Qe2
Qe4 28. Rd1 Nf3+ 29. Kg2 0-1

[Event "Verbandsliga MVP 2013-14"]
[Site "MVP"]
[Date "2014.02.23"]
[Round "6.7"]
[White "Schumann, Rabea"]
[Black "Mentel, Juergen"]
[Result "1-0"]
[WhiteElo "1687"]
[BlackElo "1876"]
[PlyCount "111"]
[EventDate "2013.??.??"]
[EventType "team-tourn"]
[EventRounds "9"]
[EventCountry "GER"]
[SourceDate "2013.10.20"]
[WhiteTeam "SSC Rostock 07 II"]
[BlackTeam "Greifswalder SV II"]
[WhiteTeamCountry "GER"]
[BlackTeamCountry "GER"]

1. c4 d6 2. g3 e5 3. Bg2 Nc6 4. Nc3 Be6 5. d3 Qd7 6. Nf3 Bh3 7. O-O h6 8. d4
Bxg2 9. Kxg2 exd4 10. Nxd4 Nf6 11. e4 Be7 12. Re1 O-O 13. b3 Ne8 14. Bb2 Bf6
15. Nd5 Bd8 16. Qd2 Ne5 17. Rad1 c6 18. Nc3 Kh7 19. f4 Ng6 20. Nf5 Bc7 21. Nxd6
Qxd6 22. Qe3 Qe7 23. e5 Kg8 24. Ne4 Bb6 25. Qe2 Ba5 26. Rf1 Rd8 27. Qf3 Rxd1
28. Rxd1 Bb4 29. Qd3 Nc7 30. Qd7 Na6 31. Qxe7 Bxe7 32. Rd7 Nc5 33. Rxe7 Nxe4
34. Rxb7 Ra8 35. Rc7 c5 36. Kf3 f5 37. exf6 Nxf6 38. Rxc5 a5 39. Rb5 Nd7 40.
Bc3 a4 41. b4 Rc8 42. c5 Ne7 43. Rb7 Nd5 44. Bxg7 Nxc5 45. bxc5 Rxc5 46. Bxh6
Rc2 47. Rg7+ Kh8 48. Rd7 Nb4 49. h4 Rxa2 50. Ra7 Nc6 51. Ra6 Nd4+ 52. Ke4 Ne6
53. Rxe6 Re2+ 54. Kf5 Rxe6 55. Kxe6 a3 56. Bg5 1-0

[Event "Verbandsliga MVP 2013-14"]
[Site "MVP"]
[Date "2014.02.23"]
[Round "6.8"]
[White "Motullo, Jens"]
[Black "Fiss, Daniel"]
[Result "1-0"]
[WhiteElo "1605"]
[BlackElo "1690"]
[PlyCount "129"]
[EventDate "2013.??.??"]
[EventType "team-tourn"]
[EventRounds "9"]
[EventCountry "GER"]
[SourceDate "2013.10.20"]
[WhiteTeam "Greifswalder SV II"]
[BlackTeam "SSC Rostock 07 II"]
[WhiteTeamCountry "GER"]
[BlackTeamCountry "GER"]

1. e4 c5 2. b3 Nc6 3. Bb2 Nf6 4. Nc3 d6 5. d3 g6 6. Nf3 Bg7 7. Be2 O-O 8. h4
Qa5 9. Qd2 Bg4 10. Nd5 Qxd2+ 11. Nxd2 Bxe2 12. Kxe2 Nxd5 13. Bxg7 Nf4+ 14. Kf3
Kxg7 15. Kxf4 f5 16. exf5 Rxf5+ 17. Kg3 Nb4 18. Rhc1 Raf8 19. f3 d5 20. Nf1 Re5
21. a3 Nc6 22. Re1 Kf6 23. Ne3 Rh5 24. f4 d4 25. Ng4+ Kf7 26. Re4 Rd5 27. Rae1
Re8 28. Kf3 h5 29. Ne5+ Nxe5+ 30. Rxe5 Rxe5 31. Rxe5 Rc8 32. g4 hxg4+ 33. Kxg4
Rc6 34. Kg5 b5 35. f5 gxf5 36. Kxf5 a6 37. h5 c4 38. bxc4 bxc4 39. Ra5 cxd3 40.
cxd3 Rd6 41. Ke4 Kg7 42. Rd5 Rb6 43. Kxd4 Rb3 44. Ra5 Rb6 45. a4 Rd6+ 46. Rd5
Rc6 47. Rc5 Rd6+ 48. Kc4 Kh7 49. d4 e6 50. a5 Kh6 51. Kd3 Kg7 52. Ke4 Kf6 53.
d5 exd5+ 54. Rxd5 Rc6 55. Rf5+ Kg7 56. Kd5 Rh6 57. Kc5 Re6 58. Rd5 Rh6 59. Rd6
Rxh5+ 60. Kb6 Rh1 61. Kxa6 Ra1 62. Kb6 Rb1+ 63. Ka7 Kf7 64. a6 Ke7 65. Rb6 1-0

[Event "Verbandsliga MVP 2013-14"]
[Site "MVP"]
[Date "2014.02.23"]
[Round "6.1"]
[White "Hanisch, Sebastian"]
[Black "Hornych, Christoph"]
[Result "0-1"]
[WhiteElo "2045"]
[BlackElo "2061"]
[PlyCount "130"]
[EventDate "2013.??.??"]
[EventType "team-tourn"]
[EventRounds "9"]
[EventCountry "GER"]
[SourceDate "2013.10.20"]
[WhiteTeam "SF Schwerin III"]
[BlackTeam "SF Ostsee Warnemünde"]
[WhiteTeamCountry "GER"]
[BlackTeamCountry "GER"]

1. b3 Nf6 2. Bb2 d5 3. e3 g6 4. d4 Bg7 5. Bd3 O-O 6. Ne2 c5 7. O-O cxd4 8. exd4
Nc6 9. Qd2 Bf5 10. Bxf5 gxf5 11. Qf4 e6 12. Nd2 Rc8 13. c3 Kh8 14. Nf3 Ng4 15.
h3 Nf6 16. Ba3 Rg8 17. Ng5 Rc7 18. Rad1 h6 19. Nf3 Rd7 20. Bc1 Ne4 21. Rd3 Qf6
22. Ng3 Bf8 23. Ne5 Nxe5 24. Qxe5 Qxe5 25. dxe5 Rc7 26. Ne2 Bg7 27. Bf4 Rgc8
28. Rc1 Nc5 29. Re3 Nd7 30. Rd1 Kh7 31. Kf1 Nf8 32. Rdd3 Ng6 33. Bh2 b5 34. f4
h5 35. Bg1 Bf8 36. g3 b4 37. Rf3 bxc3 38. Rxc3 Bb4 39. Rxc7 Rxc7 40. Nd4 a6 41.
Be3 Ne7 42. Rf2 Kg7 43. Rc2 Rxc2 44. Nxc2 Nc6 45. Ke2 f6 46. Nxb4 Nxb4 47.
exf6+ Kxf6 48. Bd4+ Kf7 49. a3 Nc6 50. Bc5 Na5 51. b4 Nc4 52. a4 Ke8 53. b5 {RA
} axb5 54. axb5 Kd7 55. Kd3 Na5 56. Kc3 Kc7 57. Kb4 Nc4 58. Bd4 Nd2 59. Be5+
Kb6 60. Bd4+ Kb7 61. Bc3 Ne4 62. Be1 Kb6 63. Ka4 Nc5+ 64. Ka3 Kxb5 65. Kb2 Nd3+
0-1

[Event "Verbandsliga MVP 2013-14"]
[Site "MVP"]
[Date "2014.02.23"]
[Round "6.2"]
[White "Schumacher, Dirk"]
[Black "Wagner, Ralph"]
[Result "0-1"]
[WhiteElo "2000"]
[BlackElo "2037"]
[PlyCount "56"]
[EventDate "2013.??.??"]
[EventType "team-tourn"]
[EventRounds "9"]
[EventCountry "GER"]
[SourceDate "2013.10.20"]
[WhiteTeam "SF Ostsee Warnemünde"]
[BlackTeam "SF Schwerin III"]
[WhiteTeamCountry "GER"]
[BlackTeamCountry "GER"]

1. Nf3 d6 2. e3 Bg4 3. b4 Nf6 4. Bb2 g6 5. h3 Bxf3 6. Qxf3 c6 7. g4 Bg7 8. h4
Nbd7 9. Bc4 d5 10. Bb3 Qc7 11. d4 e5 12. Nd2 e4 13. Qg2 a5 14. c4 a4 15. g5
axb3 16. gxf6 Nxf6 17. cxd5 Rxa2 18. Rxa2 bxa2 19. Nxe4 Nxd5 20. O-O O-O 21. h5
Qe7 22. Ra1 Qxb4 23. f3 Nxe3 24. Qh2 Nf5 25. Rxa2 Qe1+ 26. Kg2 Nh4+ 27. Kh3
Nxf3 28. Qf4 Qxe4 0-1